Pokémon featured in Super Smash Bros. - Statistics

General Stats
  • This quiz has been taken 7 times
  • The average score is 160 of 242
Answer Stats
Last seen as/in Answer % Correct
Poké Ball Alolan Raichu
100%
Spirit Articuno
100%
Cameo/Spirit Blastoise
100%
Trophy (Brawl) Bulbasaur
100%
Fighter Charizard
100%
Cameo/Spirit Charmander
100%
Cameo/Spirit Dragonite
100%
Spirit Geodude
100%
Spirit Groudon
100%
Spirit Ho-Oh
100%
Fighter Incineroar
100%
Fighter Ivysaur
100%
Poké Ball Kyogre
100%
Poké Ball Lugia
100%
Poké Ball Mew
100%
Fighter Mewtwo
100%
Poké Ball Moltres
100%
Fighter Pichu
100%
Fighter Pikachu
100%
Fighter Squirtle
100%
Cameo/Spirit Venusaur
100%
Cameo/Spirit Zapdos
100%
Poké Ball Alolan Vulpix
86%
Spirit Arbok
86%
Cameo/Spirit Blaziken
86%
Cameo Butterfree
86%
Spirit Celebi
86%
Cameo/Spirit Chansey
86%
Spirit Chikorita
86%
Trophy (Brawl) Cyndaquil
86%
Poké Ball Darkrai
86%
Poké Ball Deoxys
86%
Cameo/Spirit Dialga
86%
Poké Ball Ditto
86%
Poké Ball Eevee
86%
Poké Ball Giratina
86%
Poké Ball Goldeen
86%
Fighter Greninja
86%
Spirit Gyarados
86%
Trophy (Melee) Igglybuff
86%
Fighter Jigglypuff
86%
Poké Ball Latios
86%
Fighter Lucario
86%
Poké Ball Lunala
86%
Poké Ball Meowth
86%
Poké Ball Metagross
86%
Poké Floats (Melee) Onix
86%
Poké Ball Palkia
86%
Cameo/Spirit Pidgey
86%
Cameo/Spirit Piplup
86%
Spirit Rowlet
86%
Spirit Sandshrew
86%
Poké Ball Scizor
86%
Poké Ball Snorlax
86%
Poké Ball Solgaleo
86%
Cameo/Spirit Steelix
86%
Spirit Sudowoodo
86%
Poké Ball Togepi
86%
Poké Ball (Brawl) Torchic
86%
Trophy (Brawl) Totodile
86%
Poké Ball Vulpix
86%
Poké Ball Abra
71%
Poké Ball Alolan Exeggutor
71%
Spirit Arcanine
71%
Poké Ball Arceus
71%
Cameo Axew
71%
Cameo/Spirit Azelf
71%
Poké Ball (64) Beedrill
71%
Poké Ball (Brawl) Bonsly
71%
Trophy (Brawl) Chimchar
71%
Trophy (Melee) Cleffa
71%
Spirit Cobalion
71%
Cameo/Spirit Cresselia
71%
Spirit Diancie
71%
Opening (Melee) Drowzee
71%
Opening (Melee) Electabuzz
71%
Poké Ball Entei
71%
Cameo Fearow
71%
Poké Ball Fennekin
71%
Poké Ball Genesect
71%
Spirit Gengar
71%
Trophy (Brawl) Glaceon
71%
Spirit Hitmonlee
71%
Cameo Infernape
71%
Spirit Jirachi
71%
Spirit Kangaskhan
71%
Poké Ball Keldeo
71%
Trophy (Smash 4) Koffing
71%
Spirit Landorus
71%
Spirit Lapras
71%
Poké Ball Latias
71%
Trophy (Brawl) Leafeon
71%
Poké Floats (Melee) Lickitung
71%
Spirit Machamp
71%
Opening (Melee) Machop
71%
Opening (Melee) Magmar
71%
Poké Ball Meloetta
71%
Cameo/Spirit Mesprit
71%
Spirit Metapod
71%
Poké Ball Mimikyu
71%
Trophy (Brawl) Minun
71%
Trophy (Brawl) Mudkip
71%
Opening (Melee) Oddish
71%
Poké Ball Oshawott
71%
Trophy (Brawl) Plusle
71%
Trophy (Melee) Poliwhirl
71%
Cameo/Spirit Porygon
71%
Spirit Raikou
71%
Cameo/Spirit Rayquaza
71%
Spirit Regigigas
71%
Cameo Registeel
71%
Cameo/Spirit Reshiram
71%
Opening (Melee) Rhyhorn
71%
Spirit Salamence
71%
Poké Floats (Melee) Seel
71%
Opening (Melee) Sentret
71%
Poké Ball Snivy
71%
Poké Ball (64) Starmie
71%
Poké Ball Staryu
71%
Poké Ball Suicune
71%
Trophy (Smash 4) Sylveon
71%
Spirit Tauros
71%
Spirit Terrakion
71%
Spirit Thundurus
71%
Poké Ball Togedemaru
71%
Spirit Tornadus
71%
Trophy (Brawl) Treecko
71%
Trophy (Brawl) Turtwig
71%
Cameo/Spirit Uxie
71%
Poké Ball Victini
71%
Spirit Virizion
71%
Spirit Weezing
71%
Cameo/Spirit Zekrom
71%
Poké Ball Zoroark
71%
Spirit Aegislash
57%
Trophy (3DS) Audino
57%
Poké Ball Bellossom
57%
Poké Ball Chespin
57%
Cameo Clawitzer
57%
Spirit Clefairy
57%
Trophy (Melee) Crobat
57%
Poké Ball Dedenne
57%
Cameo/Spirit Dugtrio
57%
Cameo Electivire
57%
Poké Ball Electrode
57%
Opening (Melee) Elekid
57%
Cameo Emolga
57%
Spirit Farfetch'd
57%
Spirit Fuecoco
57%
Poké Ball Gardevoir
57%
Trophy (3DS) Gastly
57%
Opening (Melee) Gligar
57%
Spirit Heracross
57%
Spirit Houndoom
57%
Cameo/Spirit Hydreigon
57%
Poké Ball Inkay
57%
Cameo Klinklang
57%
Spirit Koraidon
57%
Poké Ball Kyurem
57%
Spirit Magearna
57%
Cameo Magnemite
57%
Spirit Magneton
57%
Cameo Magnezone
57%
Cameo/Spirit Manaphy
57%
Poké Ball Marshadow
57%
Cameo/Spirit Milotic
57%
Spirit Miltank
57%
Spirit Miraidon
57%
Poké Ball (Brawl) Munchlax
57%
Spirit Necrozma
57%
Spirit Pinsir
57%
Trophy (Melee) Porygon2
57%
Trophy (3DS) Porygon-Z
57%
Spirit Psyduck
57%
Spirit Quaxly
57%
Spirit Rapidash
57%
Trophy (Brawl) Riolu
57%
Spirit Rotom
57%
Cameo/Spirit Shaymin
57%
Spirit Slowpoke
57%
Cameo Snorunt
57%
Oppening (Melee) Snubbull
57%
Spirit Sprigatito
57%
Trophy (Brawl) Starly
57%
Poké Ball Swirlix
57%
Poké Ball Tapu Koko
57%
Cameo Tepig
57%
Spirit Tyranitar
57%
Spirit Unown
57%
Spirit Volcanion
57%
Opening (Melee) Weepinbell
57%
Cameo/Spirit Yveltal
57%
Spirit Zacian
57%
Spirit Zamazenta
57%
Spirit Zygarde
57%
Poké Ball Abomasnow
43%
Spirit Ampharos
43%
Poké Ball Bewear
43%
Spirit Chandelure
43%
Poké Ball Fletchling
43%
Spirit Flygon
43%
Poké Ball Gogoat
43%
Spirit Grookey
43%
Cameo Honedge
43%
Spirit Hoopa
43%
Cameo Hoppip
43%
Opening (Melee) Krabby
43%
Spirit Marill
43%
Spirit Morpeko
43%
Opening (Melee) Natu
43%
Spirit Nihilego
43%
Cameo Pyroar
43%
Poké Ball Pyukumuku
43%
Spirit Scorbunny
43%
Cameo/Spirit Skarmory
43%
Opening (Melee) Slowbro
43%
Spirit Smeargle
43%
Cameo Snover
43%
Spirit Sobble
43%
Spirit Terapagos
43%
Cameo Wailord
43%
Poké Ball (Brawl) Weavile
43%
Spirit Wobbuffet
43%
Spirit Wooper
43%
Poké Ball Xerneas
43%
Spirit Absol
29%
Trophy (Brawl) Buneary
29%
Spirit Corviknight
29%
Cameo/Spirit Cubone
29%
Cameo Drifloon
29%
Cameo/Spirit Garchomp
29%
Poké Ball (Brawl) Gulpin
29%
Cameo Helioptile
29%
Spirit Ogerpon
29%
Trophy (3DS) Petilil
29%
Opening (Melee) Pineco
29%
Spirit Shedinja
29%
Poké Ball Spewpa
29%
Opening (Melee) Ursaring
29%
Cameo Whimsicott
29%
Trophy (3DS) Cryogonal
14%
Opening (Melee) Phanpy
14%
No matching quizzes found
Score Distribution
Percent of People with Each Score
Percentile by Number Answered
Your Score History
You have not taken this quiz